Statistics for Linkin Park- Friendly Fire Lyrics

Click here to take the quiz!

General Stats

  • This quiz has been taken 23 times
  • The average score is 33 of 45

Answer Stats

Answer% Correct
What are we {fighting} —?
100%
What are we {fighting} —?
100%
What were we {fighting} for
100%
Tell me the words I've {forgotten}
90%
It's just {friendly} {fire}, {fire}
85%
It's just {friendly} {fire}, {fire}
85%
Staring right into the {darkness}
80%
"We hurt the {ones} {we} {love}"
80%
We're pullin' apart for {no} {reason}
80%
We're pullin' apart for {no} {reason}
80%
We're pullin' apart for {no} {reason}
80%
We're pullin' a trigger in a {useless} {war}
80%
We're pullin' a trigger in a {useless} {war}
80%
We're pullin' a trigger in a {useless} {war}
80%
We're strangers in between the {darkness}
80%
We went {too} {far}
80%
We went {too} {far}
80%
We went {too} {far}
80%
What are we {fighting} {for}?
80%
What are we {fighting} {for}?
80%
What are we {fighting} {for}?
80%
What are we {fighting} {for}?
80%
And go into the {black}
75%
And go into the {black}
75%
And go into the {black}
75%
I was supposed to {protect} {you}
75%
Can't change the {moment}
70%
Can't change the {moment}
70%
Can't change the {moment}
70%
Can't put back what's {been} {broken}
70%
Can't put back what's {been} {broken}
70%
Can't put back what's {been} {broken}
70%
{Fire} {fire}
70%
{Fire} {fire}
70%
{Fire} {fire}
70%
{Fire} {fire}
70%
But somehow forgot when they {told} {me}
65%
And if we {come} {back}
60%
And if we {come} {back}
60%
And if we {come} {back}
60%
No matter {what's} {to} {come}
60%
Through an {empty} {open} {door}
55%
I'll find you out on {the} {horizon}
50%
We'll never be {enemies}
50%
{Diving} {underneath}
45%

Score Distribution

Percentile by Number Answered

Percent of People with Each Score

Your Score History

You have not taken this quiz